Mysticism of the Ramayana / (Record no. 124829)

MARC details
000 -LEADER
fixed length control field 00712nam a22002417a 4500
003 - CONTROL NUMBER IDENTIFIER
control field 0
005 - DATE AND TIME OF LATEST TRANSACTION
control field 20180729125405.0
008 - FIXED-LENGTH DATA ELEMENTS--GENERAL INFORMATION
fixed length control field 0
010 ## - LIBRARY OF CONGRESS CONTROL NUMBER
LC control number A-736154
020 ## - INTERNATIONAL STANDARD BOOK NUMBER
Terms of availability 00.00
International Standard Book Number 0934664579
035 ## - SYSTEM CONTROL NUMBER
System control number A-736154, A-736155
037 ## - SOURCE OF ACQUISITION
Source of stock number/acquisition Cen Lib/Ret
040 ## - CATALOGING SOURCE
Original cataloging agency DPL
Language of cataloging EN
Transcribing agency 0
082 ## - DEWEY DECIMAL CLASSIFICATION NUMBER
Classification number 230.2
Item number JYO
100 ## - MAIN ENTRY--PERSONAL NAME
Personal name Jyotirmayananda, Swami
9 (RLIN) 9580
245 ## - TITLE STATEMENT
Title Mysticism of the Ramayana /
Statement of responsibility, etc by Swami Jyotimayananda
260 ## - PUBLICATION, DISTRIBUTION, ETC. (IMPRINT)
Name of publisher, distributor, etc Yoga Research Foundation
Place of publication, distribution, etc Florida
270 ## - ADDRESS
Address 6111 S.W. 74th Avenue South Miami
City Florida
Postal code 33143
300 ## - PHYSICAL DESCRIPTION
Extent 312p.
Dimensions 22m(Hb)
650 ## - SUBJECT ADDED ENTRY--TOPICAL TERM
Topical term or geographic name as entry element Vālmīki. -- Rāmāyaṇa.
9 (RLIN) 37182
650 ## - SUBJECT ADDED ENTRY--TOPICAL TERM
Topical term or geographic name as entry element Mysticism -- Hinduism.
9 (RLIN) 12081
942 ## - ADDED ENTRY ELEMENTS (KOHA)
Source of classification or shelving scheme Dewey Decimal Classification
Koha item type English Books
Classification part 230.2
Call number suffix JYO
Holdings
Withdrawn status Lost status Damaged status Not for loan Home library Current library Date acquired Source of acquisition Cost, normal purchase price Total Checkouts Full call number Barcode Date last seen Copy number Cost, replacement price Price effective from Koha item type Public note Source of classification or shelving scheme Collection code
        Central Library Central Library 18/06/2015 Cen Lib/Ret 0.00   230.2 JOY A-736154 18/06/2015 1 0.00 15/09/2016 English Books Legal Case (Register No. 2019)    
        Patel Nagar Patel Nagar 29/07/2018 BPPD/Pub 0.00   230.2 JYO A-736155 29/07/2018   0.00 29/07/2018 English Books   Dewey Decimal Classification Non-fiction

© Delhi Public Library
Hit Counter
free hit counter